000 00459nam a2200181Ia 4500
001 19408
005 20260306172651.0
008 260306t1997||||xx |||||||||||||| ||spa||
041 _aESP
082 _a659.111
_bT82
100 _aTrout, Jack
_eAUT
245 0 _aEl nuevo posicionamiento:
_blo más reciente sobre la estrategia de negocios #1 del mundo
260 _c1997
300 _a
_c
650 _aGEN
654 _aCAN
942 _cLIB
_dJUS
_fJUS
_2ddc
_n
999 _c19408
_d19408